00535nam a2200181Ia 450000500170000000800410001702000290005804000190008704100120010608200180011810000200013624500600015626000240021630000210024050400660026165000150032785000110034220240320153444.0131103s9999 xx 000 0 und d a81 7224 920 9cRs.625.00 aLoreto College aEnglish a150.287 bJAC aJacson, Charles aUnderstanding Psychological Testing cCharles Jackson aMumbaibJaicoc2001 axv,174p.b chart aIncludes bibliographicalreferences,appendix, glossary & index aPsychology aLCBED